000 00307nam a2200121Ia 4500
008 220120s9999||||xx |||||||||||||| ||und||
082 _a530 RAJ
100 _aRajendran, V
245 0 _aEngineering physics
260 _aTata mcgraw hill company Ltd
_bNew Delhi
_c2011
300 _b0
650 _aMATHEMATICS
999 _c136942
_d136942